Cost Efficiency of Investing in Alternative Energy Sources

Zmena podnebia a zníženie spotreby palív bohatých na uhlík. Zdroje zelenej energie a náklady na ich vlastnú spotrebu. Investície do alternatívnej energie v posledných rokoch. Vplyv COVID-19 a ropnej krízy na alternatívnu energiu.

Gespeichert in:
Bibliographische Detailangaben
1. Verfasser: Temirlan, Sakhiyev
Weitere Verfasser: Štetka, Peter, 1986-, Grisáková, Nora, 1978-
Format: Buchkapitel
Sprache:Englisch
Schlagworte:
Tags: Tag hinzufügen
Keine Tags, Fügen Sie das erste Tag hinzu!

MARC

LEADER 00000naa$a2200000$$$4500
001 0271135
005 20240502083821.0
041 0 |a eng 
044 |a CZ 
245 1 0 |a Cost Efficiency of Investing in Alternative Energy Sources  |c Sakhiyev Temirlan, Peter Štetka, Nora Grisáková 
520 |a Zmena podnebia a zníženie spotreby palív bohatých na uhlík. Zdroje zelenej energie a náklady na ich vlastnú spotrebu. Investície do alternatívnej energie v posledných rokoch. Vplyv COVID-19 a ropnej krízy na alternatívnu energiu. 
610 2 0 |a palivá fosílne 
610 2 0 |a energia 
610 2 0 |a zdroje energie obnoviteľné 
610 2 0 |a zdroje energie alternatívne 
610 2 0 |a zdroje energie prírodné 
610 2 0 |a investície ekologické 
610 2 0 |a koronavírus 
100 1 |a Temirlan, Sakhiyev 
700 1 |a Štetka, Peter, 1986- 
700 1 |a Grisáková, Nora, 1978-